Guía para la cría, manejo y aprovechamiento sostenible de algunas especies animales promisorias y otras domésticas (Registro nro. 4667)

Detalles MARC
000 -CABECERA
Campo de control 00690nam a2200205 a 4500
005 - FECHA Y HORA DE LA ULTIMA TRANSACCION
Campo de control 20160203161644.0
008 - ELEMENTOS DE LONGITUD FIJA—INFORMACION GENERAL
Campo de control 140317b2003 ck ||||| |||| 00| 0 spa d
040 ## - FUENTE DE CATALOGACIÓN
Agencia catalogadora original CO-BoIAVH
Agencia transcriptora CO-BoIAVH
041 ## - IDIOMA
Código de idioma para texto/pista de sonido o título separado Español
044 ## - PAÍS DE PUBLICACIÓN
País de publicación Colombia
082 04 - NUMERO DE CLASIFICACION DECIMAL DEWEY
Número de clasificación 636
Número del ítem D27g
100 1# - ASIENTO PRINCIPAL--NOMBRE PERSONAL
Nombre personal De la Ossa Velásquez, Jaime
9 (RLIN) 18720
245 1# - MENCION DE TITULO
Título Guía para la cría, manejo y aprovechamiento sostenible de algunas especies animales promisorias y otras domésticas
260 ## - PUBLICACION, DISTRIBUCION, ETC. (PIE DE IMPRENTA)
Lugar de publicación, distribución, etc. Bogotá
Nombre del editor, distribuidor, etc. Convenio Andrés Bello
Fecha de publicación, distribución, etc. 2003
300 ## - DESCRIPCION FISICA
Extensión 107 paginas.
Otros detalles físicos ilustraciones;
Dimensiones 27 x 21 cm
650 #4 - ASIENTO SECUNDARIO DE MATERIA - TERMINO TEMATICO
Término temático o nombre geográfico como elemento de entrada Cría de animales domésticos
9 (RLIN) 56718
700 1# - ASIENTO SECUNDARIO - NOMBRE PERSONAL
Nombre personal Botero A., Luz Mercedes
9 (RLIN) 22099
942 ## - ELEMENTOS ADICIONALES (KOHA)
Tipo de ítem Libro
Sistema de clasificación Dewey Decimal Classification
945 ## - PROCESAMIENTO LOCAL
AAAA-MM-DD - Fecha de ingreso o modificacion 2005-07-12
Existencias
Withdrawn status Lost status Sistema de Clasificación Damaged status No para préstamo Colección Inventariado Ubicación Permanente Ubicación actual Fecha de adquisición Fuente de Valor Valor Total Checkouts Número topográfico Inventario / Código de Barras Date last seen Date checked out Ejemplar Price effective from Forma de adquisición Tipo de material
    Dewey Decimal Classification     General Inventariado 2017 Bogotá Bogotá 12/07/2005 Instituto 15000.00 1 LB-636 D27g 019387 04/05/2018 04/05/2018 Ej. 1 04/12/2012   Libro